Straftaten gegen die körperliche Unversehrtheit - DE - Statistiken

Allgemein
  • Dieses Quiz wurde 66 mal gespielt
  • Das Durchschnittsergebnis liegt bei 3 aus 8
Antwortstatistiken
Paragraph (StGB) Straftat % Korrekt
§ 223 Körperverletzung
98%
§ 226 Schwere Körperverletzung
62%
§ 224 Gefährliche Körperverletzung
47%
§ 229 Fahrlässige Körperverletzung
42%
§ 227 Körperverletzung mit Todesfolge
38%
§ 231 Beteiligung an einer Schlägerei
22%
§ 226a Verstümmelung weiblicher Genitalien
20%
§ 225 Misshandlung von Schutzbefohlenen
18%
Keine übereinstimmenden Quizze gefunden
Verteilung der Resultate
Anzahl Personen mit jedem Resultat
Perzentil nach korrekt beantworteten Fragen
Ihre Resultats-Entwicklung
Sie haben dieses Quiz noch nicht gespielt